Countries that Search Brazil the Most - Statistics

General Stats
  • This quiz has been taken 18 times
  • The average score is 8 of 10
Answer Stats
Google Trend Score Answer % Correct
8 Argentina
100%
6 Chile
100%
7 Peru
100%
11 Bolivia
93%
23 Paraguay
93%
18 Uruguay
93%
23 Portugal
87%
49 Angola
60%
34 Mozambique
60%
6 Bangladesh
7%
No matching quizzes found
Score Distribution
Percent of People with Each Score
Percentile by Number Answered
Your Score History
You have not taken this quiz